LEADER 01244nam0-22003851i-450- 001 990005473520203316 005 20060313120000.0 035 $a000547352 035 $aUSA01000547352 035 $a(ALEPH)000547352USA01 035 $a000547352 100 $a20010829d1980-------|0enac50------ba 101 $aeng 102 $aUS 105 $a|||| ||||| 200 1 $aApproximation Theorems of Mathematical Statistics$fRobert J. Serfling - New York : John Wiley & sons, 1980 210 $d367 p. : graf. ; 23 cm. 225 2$aWiley series in probability and statistics 410 1$12001$aWiley series in probability and statistics 606 $aStatistiche matematiche$2FI 620 $dNew York 676 $a519.5$cStatistica matematica$v21 700 1$aSERFLING,$bRobert J.$088863 712 $aJohn Wiley & Sons, Inc 801 $aIT$bSOL$c20120104 912 $a990005473520203316 950 $aDIP.TO SCIENZE ECONOMICHE - (SA)$dDS 500 519.5 SER$eST11664 DISES 951 $a500 519.5 SER$b1664 DISES 959 $aBK 969 $aDISES 979 $c20121027$lUSA01$h1532 979 $c20121027$lUSA01$h1613 996 $aApproximation theorems of mathematical statistics$9194947 997 $aUNISA NUM $aUSA7632 LEADER 02046nam 2200421Ia 450 001 996389584303316 005 20210104171920.0 035 $a(CKB)4940000000097757 035 $a(EEBO)2240891673 035 $a(OCoLC)ocn945447152e 035 $a(OCoLC)945447152 035 $a(EXLCZ)994940000000097757 100 $a20160323d1694 uy 0 101 0 $aeng 135 $aurbn||||a|bb| 200 10$aAdminicu[lum puerile] ... school ..$b[electronic resource] $econtainin[g] ... : for the use of St. Patrick's school 210 $aDublin $cPrinted for J. Foster, at the Dolphin in Skinner-Row$d1694 215 $a[10], 72, [36]+ p 300 $aAuthor suggested by ESTC. 300 $aIncludes index. 300 $aImperfect: title page torn with some loss of text, tightly bound, and lacking all after E2. 300 $aReproduction of original in: Marsh's Library. 327 $aContents: (from t.p.) I. Fundamental exercises for young ... -- II. English examples fitted to the syntax of the Lord Bishop of Cork's grammar with some annotations -- III.Some necessary cautions to prevent mistakes which boys are generally guilty of in making Latin -- IV. English for Latin verses -- V. Some examples of themes in English, with larger discourses on subjects -- VI. And lastly, three indexes: the first containing all the words in the fundamental exercises, the second, those under the syntax-rules and cautions, and the third, those in the verses, with Latin for them. 330 $aeebo-0088 606 $aLatin language$vTextbooks$vEarly works to 1800 606 $aLatin language$xStudy and teaching$vEarly works to 1800 606 $aLatin language$xSyntax$vEarly works to 1800 615 0$aLatin language 615 0$aLatin language$xStudy and teaching 615 0$aLatin language$xSyntax 700 $aDavys$b Peter$f-1698.$01014761 702 $aFoster$b John 801 0$bUMI 801 1$bUMI 906 $aBOOK 912 $a996389584303316 996 $aAdminicu ... school .$92366250 997 $aUNISA LEADER 02196nam 2200325 n 450 001 996391691503316 005 20221108080025.0 035 $a(CKB)4940000000109433 035 $a(EEBO)2240912210 035 $a(UnM)99865094 035 $a(EXLCZ)994940000000109433 100 $a19940119d1649 uy | 101 0 $aeng 135 $aurbn||||a|bb| 200 10$aIllumination to Sion Colledge$b[electronic resource] $eWherein, their calling to the Ministery (the foundation whereof not being built upon Christ) is dissipated, their arrogancy hereupon manifested, the extent of magistrates power in generall defined; the execution of the late King, and the seculusion of the late members of Parliament farther justified; the former declarations of Parliament and Scriptures which they cite, explained; their objections from the Covenant, removed in the grammaticall sense thereof; and the Parliament and Army from their aspersions in all vindicated. Being for answer, to the representation of their judgments, in a letter to the Generall, January 18. last: serves also to their vindication: and in part to a pamphlet intituled, Essex Watchmens watch-word: likewise in effect to a later libell (supposed Mr. Loves, intituled, A vindication of the ministers from the aspersions (alias the Etymologies) of Mr. Price, in his Clerico Classicum, &c. To which latter pamphlet, is annexed a briefe answer to what is not so fully hinted in that to the Ministers. /$fBy J.L. as cordiall and fervent a thirster after the nations prosperity, as any 210 $aLondon $cPrinted by Matthew Simmons, and are to be sold by Giles Calvert at the Black-spread Eagle at the West end of Pauls$dJune 1. 1649 215 $a[4], 32 p 300 $aAnnotation on Thomason copy: "June 4th". 300 $aReproduction of the original in the British Library. 330 $aeebo-0018 607 $aGreat Britain$xHistory$yPuritan Revolution, 1642-1660$vEarly works to 1800 700 $aJ. L$01002880 801 0$bCu-RivES 801 1$bCu-RivES 801 2$bCStRLIN 801 2$bWaOLN 906 $aBOOK 912 $a996391691503316 996 $aIllumination to Sion Colledge$92325650 997 $aUNISA